| 000 | 01589cam a22004097a 4500 | ||
|---|---|---|---|
| 003 | CHAP | ||
| 005 | 20220329142629.0 | ||
| 008 | 010920d2001 mx r 00110 spa d | ||
| 010 | _a85892 | ||
| 011 | _a86864 | ||
| 035 | _a97404 | ||
| 040 | _cCHAP | ||
| 090 | _aTesis | ||
| 100 | 0 | 0 |
_aVelázquez Martínez, Mauricio. _9118570 |
| 245 | 1 | 0 |
_aEvaluación de la eficiencia productiva y reproductiva de vaquillas Holstein Friesian importadas a la Comarca Lagunera _c/por Mauricio Velázquez Martínez |
| 260 |
_aChapingo, Méx. : _bEl autor, _c2002. |
||
| 300 | _a52 h. | ||
| 502 | _aTesis (Ing. Agr. en Sistemas Pecuarios de Zonas Aridas) -- UACH. Unidad Regional Universitaria de Zonas Aridas | ||
| 590 |
_aALEPH _b10 _c20130110 _lUCH01 _h1447 |
||
| 590 |
_aBATCH-UPD _b10 _c20130110 _lUCH01 _h0324 |
||
| 590 |
_aBATCH-UPD _b10 _c20130110 _lUCH01 _h1912 |
||
| 590 |
_aBATCH-UPD _b10 _c20130409 _lUCH01 _h2357 |
||
| 590 |
_aBATCH-UPD _b10 _c20130410 _lUCH01 _h1546 |
||
| 590 |
_aBATCH-UPD _b10 _c20130914 _lUCH01 _h1511 |
||
| 590 |
_aCONVERSION _b10 _c20130109 _lUCH01 _h1348 |
||
| 650 | 1 | 4 |
_aGanado Friesian. _945128 |
| 650 | 1 | 4 |
_aGanado Holstein _xComarca Lagunera. _945134 |
| 650 | 1 | 4 |
_aGanado lechero _xComarca Lagunera. _945247 |
| 650 | 1 | 4 |
_aGanado lechero _xProducción. _945288 |
| 650 | 1 | 4 |
_aGanado lechero _xReproducción. _945294 |
| 650 | 1 | 4 |
_aGanado vacuno _xComarca Lagunera. _945446 |
| 901 | _aBK | ||
| 905 | _aAlejandra Carrasco M. | ||
| 942 | _cFOLL | ||
| 949 |
_aTesis _bBC _cTES _d33724000867271 _eTS2 _fc.2 _h39462 _i97404 _sb |
||
| 949 |
_aTesis _bBC _cTES _d974041 _eTS1 _h39461 _i97404 _sb |
||
| 999 |
_c85892 _d85892 |
||